Tekst piosenki "Kto wie?" - Statystyki

Ogólne statystyki
  • Ten quiz został rozwiązany 73 razy
  • Średni wynik to 17 z 21
Statystyki odpowiedzi
Tekst % Poprawnych
I warto mieć {marzenia}
100%
Niejeden z nas w {marzenia} ucieka
100%
A kto wie, czy za {rogiem}
98%
Kto wie czy za {rogiem}
98%
Nie stoją {Anioł} z Bogiem?
98%
Nie stoją {Anioł} z Bogiem?
98%
{Kto} wie?
97%
I nie {spełniają} marzeń?
90%
Czasem się zdarza dwa razy pod {rząd}.
85%
{Doczekać} ich spełnienia.
85%
Jeśli zrobisz ten właściwy {krok}
82%
Niejeden z nas czasem robi jakiś {błąd}
82%
Nie obserwują {zdarzeń},
81%
Z udziałem lub bez udziału {nieba}.
77%
{Kocha} tych, co niewarci kochania.
74%
Wierząc, że {spełnienie} gdzieś czeka.
73%
Ufa tym, co {niewarci} ufania,
71%
Zanim znów upłynie życia {rok}
71%
{Niejeden} z nas o przyszłość się boi
66%
To wszystko {będzie} tak jak trzeba
63%
Bo kiedy {miasto} na święta się stroi
56%
Nie znaleziono quizów pasujących do podanych kryteriów
Rozkład punktacji
Procent ludzi z każdym wynikiem
Percentyl według liczby udzielonych odpowiedzi
Twoja historia wyników
Nie rozwiązałeś tego quizu